|
|
|
|
| LEADER |
00834cam a2200253 7i4500 |
| 001 |
0000035455 |
| 005 |
20181024090000.0 |
| 007 |
##ta |
| 008 |
181024c2016 enkda p 0 a0eng |
| 022 |
0 |
# |
|a 20580509
|
| 040 |
# |
# |
|a Uk
|
| 090 |
0 |
0 |
|a BENN 330.0112
|b BEN
|
| 245 |
0 |
0 |
|a Benin Country Risk Report 2016 :
|b Includes 10-year Forecasts to 2025.
|
| 264 |
# |
1 |
|a London:
|b Business Monitor International,
|c 2016.
|
| 300 |
# |
# |
|a 29 pages:
|b illustrations.
|
| 336 |
# |
# |
|a text
|2 rdacontent
|
| 337 |
# |
# |
|a unmediated
|2 rdamedia
|
| 338 |
# |
# |
|a volume
|2 rdacarrier
|
| 650 |
# |
0 |
|a Economic forecasting --
|z Benin
|
| 650 |
# |
0 |
|a Economic surveys --
|z Benin
|
| 651 |
# |
0 |
|a Benin --
|x Economic policy
|
| 651 |
# |
0 |
|a Benin --
|x Economic conditions
|
| 710 |
2 |
# |
|a Business Monitor International
|
| 999 |
|
|
|a B000039333
|b Book
|c Countries
|e Business Information Centre
|